| 000 | 00702nam a2200217Ia 4500 | ||
|---|---|---|---|
| 001 | 8924 | ||
| 003 | GE_BSU | ||
| 008 | 181216s||||||||xx |||||||||||||| ||und|| | ||
| 040 | _cGE_BSU | ||
| 100 | _aკაჭახიძე,გიორგი | ||
| 245 | _aმადლი მიწისა | ||
| 245 | _bლექსები | ||
| 245 | _cრედ.შ.ამისულაშვილი,მხატვ.რ.მაყაშვილი | ||
| 260 | _aთბილისი | ||
| 260 | _bსაბჭოთა საქართველო | ||
| 260 | _c1962 | ||
| 300 | _a87გვ.16სმ. | ||
| 653 | _aლექსები | ||
| 653 | _aმადლი მიწისა | ||
| 942 | _cBK | ||
| 999 |
_c42229 _d42229 |
||